LEADER 01648nam a2200337 u 4500 001 000000114656 003 CaOOAMICUS 005 20090224124416.0 008 090224m20089999gw u000 u eng r 020 $z978-3-11-020551-0 (v. 1)* 020 $z978-3-11-020552-7 (v. 2)* 040 $aPUL$bita$dLDB 245 00$aNew approaches to the study of religion /$cedited by Peter Antes, Armin W. Geertz, Randi R. Warne. 260 $aBerlin ;$aNew York :$bDe Gruyter,$c<2008->. 300 $av. ;$c23 cm. 490 1 $aReligion and Reason 504 $aInclude indice e riferimenti bibliografici. 505 1 $av. 1. Regional, critical, and historical approaches. -- v. 2. Textual, comparative, sociological, and cognitive approaches. 650 14$aReligione$xStudio e insegnamento.$0(OLS)http://pul/subject/396 700 1 $aWarne, Randi R.$0(OLS)http://pul/name/70822 700 1 $aAntes, Peter.$0(OLS)http://pul/name/34517 700 1 $aGeertz, Armin W.$0(OLS)http://pul/name/70821 830 0$aReligion and Reason.$0(OLS)http://pul/title/29849 850 $aPUL 852 $aPUL$W1$xSL Religione 3$y85$m200. 7 ANTPE 1.1$j131134$av. 1$qDDC 21$B130093$CPULBib$Z2$F130093 $82 852 $aPUL$W1$xSL Religione 3$y85$m200. 7 ANTPE 1.2$j131135$av. 2$qDDC 21$B130094$CPULBib$Z2$F130094 $82 941 1 $a9 996 $6020$z978-3-11-020551-0 (v. 1)*$9(OLS)http://pul/number/139788 996 $6020$z978-3-11-020552-7 (v. 2)*$9(OLS)http://pul/number/139789 996 $6245$aNew approaches to the study of religion$9(OLS)http://pul/title/144089 996 $6260$aBerlin ;$aNew York :$bDe Gruyter$9(OLS)http://pul/publisher/60281 LEADER 01332nam a2200241 u 4500 001 000000085693 003 CaOOAMICUS 005 20070226124220.0 008 050905q1908 fr u000 u fre u 035 $a11058890 040 $aPUL(R)$bita 100 1 $aMeschler, Maurice,$cs.j.,$d1830-1912.$0(OLS)http://pul/name/34288 245 12$aL'année ecclesiastique :$bméditations sur la vie des principaux saints et sur quelques grandes fétes /$cpar le R. P. M. Meschler ; edition française publiée par les soins de l'abbé Ph. Mazoyer. 260 $aParis :$bP. Lethielléux,$c[1908] 300 $av. <1-2> ;$c19 cm 650 4$aVita cristiana.$0(OLS)http://pul/subject/1596 700 1 $aMazoyer, Philippe,$cabate,$d1847-1918.$0(OLS)http://pul/name/32340 850 $aPUL 852 $aPUL$W1$xDP1 Fondo Cecchetti$y53$m284 A 17-18(1-2)$j108848$nBK-PRI$b $qFondi$B108848$CPULBib$Z2$F108848 $HPUL5895-5896 $81 852 $aPUL$W1$xDP1 Fondo Cecchetti$y53$m284 A 17-18(1-2)$j108848$nBK-PRI$b $qFondi$B108849$CPULBib$Z2$F108849 $HPUL5895-5896 $81 941 1 $a1 996 $6245$aL'année ecclesiastique :$bméditations sur la vie des principaux saints et sur quelques grandes fétes$9(OLS)http://pul/title/111161 996 $6260$aParis :$bP. Lethielléux$9(OLS)http://pul/publisher/77250